| Поле | Инд. | ПП | Название | Значение |
|---|---|---|---|---|
| Тип записи | a | |||
| Библиографический уровень | m | |||
| 001 | Контрольный номер | 118ae190d3394ce0b3e13982c36f5831 | ||
| 005 | Дата корректировки | 20250822105145.7 | ||
| 020 | a | ISBN | 978-5-04-201441-3 | |
| c | Цена, тираж | 607-00 | ||
| 084 | a | Индекс другой классификации/Индекс ББК | 84(2=411.2)6 | |
| 090 | a | Полочн. индекс | 84(2=411.2)6 | |
| c | Каталожный индекс | 84(2=411.2)6 | ||
| x | Авторский знак | В 67 | ||
| 091 | i | Возрастная адресация (DOS) | 16+ | |
| 097 | b | Оператор | Кондратьева; Максимова | |
| 100 | 1_ | a | Автор | Волковский А. |
| q | Полное имя | Волковский Андрей | ||
| 245 | 10 | a | Заглавие | Убийство в заброшенном подземелье |
| b | Продолж. заглавия | [роман : 16+] | ||
| 260 | a | Место издания | Москва | |
| b | Издательство | Эксмо | ||
| c | Дата издания | 2025 | ||
| 300 | a | Объем | 352 с. | |
| 440 | _0 | a | Серия | Расследования в зачарованном городе |
| 653 | 0_ | a | Ключевые слова | детектив; фэнтези |
| 900 | a | Имя макрообъекта | о15710181 | |
| 901 | t | Тип документа | m |